Ronovci a Žitava ve 13. a v 1. čtvrtině 14. století

Titel: Ronovci a Žitava ve 13. a v 1. čtvrtině 14. století
Verfasser:
In: Bezděz, Band 6 (1997), Seite 7-18
alle Artikel anzeigen
Veröffentlicht: 1997
Format: Aufsatz
Sprache: Tschechisch
Kein Bild verfügbar
X
alg: 39298627
001A    $01999:11-11-16 
001B    $01999:22-05-21 $t21:52:22.000 
001C    $06050:19-11-16 $t22:31:01.000 
001D    $01999:11-11-16 
001U    $0utf8 
001X    $00 
002@    $0Aox 
003@    $0392986272 
007A    $0392986272 $aHEB 
007T    $0Herdp06604 
010@    $acze 
011@    $a1997 
021A    $aRonovci a Žitava ve 13. a v 1. čtvrtině 14. století 
028A    $aSovadina $dMiloslav 
031A    $d6 $h7-18 $j1997 
037A    $aněm. res. 18: Die Herren von Ronow und Zittau im 13. und im ersten Viertel des 14. Jahrhunderts 
039B    $aIn $8--Abvc--. Bezděz. - Česká Lípa, 1990-. - ISSN 1211-9172 $x199700000060000993 $905908720X 
045F    $a929.094371 $eDDC23BSB 
045F/01 $a929 
045F/03 $g4371 
045T    $a7,41 

lok: 39298627 78

exp: 39298627 78 1 #EPN
201B/01 $026-11-17 $t01:22:19.000 
201U/01 $0utf8 
203@/01 $0789096587 
208@/01 $a11-11-16 $be 
209A/01 $a/ $f000 $x00 
220C/01 $aHerkunft: Hú Av Čr Praha 
244Z/01 $#Tschechien $#Tschechische Republik $#Tschechische Republik $#Tschechenland $#Tschechei Tschechien $#Česká Republika $#Czech Republic $#ČR $74303381-7 $8--Tg1--Tschechien $x01 $9086659812 
244Z/01 $2Trx $#Böhmen $#Bohemia $#Czechy $8--Trx--Čechy $x02 $9391188941 
244Z/01 $2Trx $#Żytawa $#Žitava $8--Trx--Zittau$gSachsen $x03 $9391304844 
244Z/01 $aGeschichte 1200-1325 $x04 
244Z/01 $2Trx $#Ronovci $8--Trx--$PRonow von$lFamilie $x05 $939084277X 
244Z/01 $2Trx $#perekonnad ja sugupõlved $#giminės ir šeimos $#Families and Noble Houses $#családok és nemek $#rody i rodziny $#rodiny a rody $#rodiny a rody $#Geschlechter $#Noble Houses $#rody $#rody $#rody $8--Trx--Familien und Geschlechter $x06 $9391371916 
244Z/01 $2Trx $8--Trx--Zeitschriftenaufsatz $x07 $9391384341 
245Z/01 $a12.02 $x01 
247C/01 $82080>Marburg/Lahn, Herder-Institut, Forschungsbibliothek, Bibliographieportal $9336309341
LEADER 00000caa a22000002c 4500
001 392986272
003 DE-603
005 20210522215222.0
007 tu
008 161111s1997 xx |||| | u00||u|cze c
035 |a (DE-599)HEB392986272 
040 |a DE-603  |b ger  |c DE-603  |d DE-603 
041 |a cze 
082 0 4 |8 1\u  |a 929.094371  |q DE-101  |2 23/BSB 
084 |a 7,41  |2 ssgn 
085 |8 1\u  |b 929 
085 |8 1\u  |z 2  |s 4371 
100 1 |a Sovadina, Miloslav 
245 0 0 |a Ronovci a Žitava ve 13. a v 1. čtvrtině 14. století 
264 0 |c 1997 
500 |a něm. res. 18: Die Herren von Ronow und Zittau im 13. und im ersten Viertel des 14. Jahrhunderts 
773 0 8 |i In  |t Bezděz  |d Česká Lípa, 1990-  |x 1211-9172  |g Band 6 (1997), Seite 7-18  |w (DE-603)05908720X  |w (DE-600)1136222-4 
924 0 |9 2080  |a (DE-603)789096587  |b DE-2080  |c HES  |d d  |g /